000 nam a22 7a 4500
999 _c10577
_d10577
008 180219b ||||| |||| 00| 0 eng d
100 _aCBSE
_96477
245 _aCCE Based CCE Biology-IX
260 _aJalandhar
_bS. Dinesh